<?xml version="1.0" encoding="UTF-8"?>
<record
    xmlns:xsi="http://www.w3.org/2001/XMLSchema-instance"
    xsi:schemaLocation="http://www.loc.gov/MARC21/slim http://www.loc.gov/standards/marcxml/schema/MARC21slim.xsd"
    xmlns="http://www.loc.gov/MARC21/slim">

  <leader>01865nam a22002297a 4500</leader>
  <controlfield tag="005">20250421151303.0</controlfield>
  <controlfield tag="008">250421b        |||||||| |||| 00| 0 eng d</controlfield>
  <datafield tag="020" ind1=" " ind2=" ">
    <subfield code="a">9789390113255</subfield>
  </datafield>
  <datafield tag="040" ind1=" " ind2=" ">
    <subfield code="c">AIMIT LIBRARY</subfield>
  </datafield>
  <datafield tag="082" ind1=" " ind2=" ">
    <subfield code="2">8</subfield>
    <subfield code="a">658.1599 </subfield>
    <subfield code="b">APTP</subfield>
  </datafield>
  <datafield tag="100" ind1=" " ind2=" ">
    <subfield code="a">Apte, P G.</subfield>
    <subfield code="9">208575</subfield>
  </datafield>
  <datafield tag="245" ind1=" " ind2=" ">
    <subfield code="a">International financial management /</subfield>
    <subfield code="c">By P G Apte and Sanjeevan Kapshe.</subfield>
  </datafield>
  <datafield tag="250" ind1=" " ind2=" ">
    <subfield code="a">8th ed.</subfield>
  </datafield>
  <datafield tag="260" ind1=" " ind2=" ">
    <subfield code="a">New Delhi :</subfield>
    <subfield code="b">Mc Graw Hill ,</subfield>
    <subfield code="c">2024.</subfield>
  </datafield>
  <datafield tag="300" ind1=" " ind2=" ">
    <subfield code="a">xx,22.16,A.16,B-2,I-6p.;</subfield>
    <subfield code="b">PB</subfield>
    <subfield code="c">24.6 cm</subfield>
  </datafield>
  <datafield tag="500" ind1=" " ind2=" ">
    <subfield code="a">A renowned name in the subject area, international Financial Management is well received by its readers because of its comprehensive coverage of various topics. The book talks about a wide range of issues from global financial markets to regulatory aspects in the Indian context. It discusses, in detail, several products for managing exchange rate and interest rate risk. It puts forth up-to-date information about present financial trends and provides insights about the present global monetary system, Indian foreign exchange and interest rate markets, and so on. Keeping up with its preceding editions, the eighth edition continues to have case studies which illustrate substantive practical applications of concepts and techniques discussed in the chapters.key features: all chapters are updated with latest information about the current financial trends wide coverage on global perspective along with Indian content focus on outcome-based learning approach by defining learning objectives in each br&gt;Chapter inclusion of case studies to enable practical application of the concepts learnt through the book</subfield>
  </datafield>
  <datafield tag="650" ind1=" " ind2=" ">
    <subfield code="a">The nature and measurement of exposure and risk</subfield>
    <subfield code="9">208576</subfield>
  </datafield>
  <datafield tag="650" ind1=" " ind2=" ">
    <subfield code="a">The foreign exchange market</subfield>
    <subfield code="9">208577</subfield>
  </datafield>
  <datafield tag="650" ind1=" " ind2=" ">
    <subfield code="a">Financial swaps</subfield>
    <subfield code="9">208578</subfield>
  </datafield>
  <datafield tag="700" ind1=" " ind2=" ">
    <subfield code="a">Kapshe, Sanjeevan.</subfield>
    <subfield code="9">208579</subfield>
  </datafield>
  <datafield tag="942" ind1=" " ind2=" ">
    <subfield code="2">ddc</subfield>
    <subfield code="c">BK</subfield>
    <subfield code="e">8th</subfield>
    <subfield code="k">658.1599 APTP</subfield>
  </datafield>
  <datafield tag="999" ind1=" " ind2=" ">
    <subfield code="c">234193</subfield>
    <subfield code="d">234193</subfield>
  </datafield>
  <datafield tag="952" ind1=" " ind2=" ">
    <subfield code="0">0</subfield>
    <subfield code="1">0</subfield>
    <subfield code="2">ddc</subfield>
    <subfield code="4">0</subfield>
    <subfield code="7">0</subfield>
    <subfield code="8">MBA</subfield>
    <subfield code="a">AIMIT</subfield>
    <subfield code="b">AIMIT</subfield>
    <subfield code="c">IFM</subfield>
    <subfield code="d">2025-03-11</subfield>
    <subfield code="e">Biblios Book Point</subfield>
    <subfield code="g">1095.00</subfield>
    <subfield code="i">Bill no:7466; Bill dt:2025/3/11</subfield>
    <subfield code="l">0</subfield>
    <subfield code="o">658.1599  APTP</subfield>
    <subfield code="p">MBA14900</subfield>
    <subfield code="r">2026-05-23 00:00:00</subfield>
    <subfield code="v">854.10</subfield>
    <subfield code="w">2025-04-21</subfield>
    <subfield code="y">BK</subfield>
  </datafield>
  <datafield tag="952" ind1=" " ind2=" ">
    <subfield code="0">0</subfield>
    <subfield code="1">0</subfield>
    <subfield code="2">ddc</subfield>
    <subfield code="4">0</subfield>
    <subfield code="7">0</subfield>
    <subfield code="8">MBA</subfield>
    <subfield code="a">AIMIT</subfield>
    <subfield code="b">AIMIT</subfield>
    <subfield code="c">IFM</subfield>
    <subfield code="d">2025-03-11</subfield>
    <subfield code="e">Biblios Book Point</subfield>
    <subfield code="g">1095.00</subfield>
    <subfield code="i">Bill no:7466; Bill dt:2025/3/11</subfield>
    <subfield code="l">0</subfield>
    <subfield code="o">658.1599  APTP</subfield>
    <subfield code="p">MBA14901</subfield>
    <subfield code="r">2026-05-23 00:00:00</subfield>
    <subfield code="v">854.10</subfield>
    <subfield code="w">2025-04-21</subfield>
    <subfield code="y">BK</subfield>
  </datafield>
</record>
